000 01271nam a2200289 a 4500
999 _c187636
_d187636
003 BLK
005 20250206113755.0
008 180411b bul|||||r ||||||| ||bul||
010 _aKNG00196652000
040 _aBLK
041 _aBUL
_cBUL
080 _aАнглийска литература
_b821.111
_x-31
_z821.111-31
100 1 _aСкот, Уолтър
_eпърви автор
_9365235
139 _aСкот, Уолтър
_bС 40
245 1 0 _aКенилуърт
_bРоман
_cУолтър Скот; прев. от англ. Красимира Василева Тодорова; стиховете прев. Асен Вл. Тодоров.
257 _aGBR
260 _aСофия
_bНар. култура
_c1972
300 _a564 с.
_c20 см
380 _aX
490 _aБиблиотека Световна класика
_9201621
500 _aОриг. загл. Kenilworth.
700 _aТодорова, Красимира Василева
_d1934-2018
_gПреводач от английски и френски език
_9328724
700 1 _aТодоров, Асен Вл.
_eстиховете прев.
_9384526
852 _aЦб 62779
_bЦб
942 _cKNG
_n0
_03
_s1
944 _aCR
_c2022-07-28
_k30560
_lГеновева Генчева